[Event "Niedersachsen-ch U12"]
[Site "Rotenburg"]
[Date "2012.04.03"]
[Round "5"]
[White "Kuzyak, Vadym"]
[Black "Kiesel, Lucas"]
[Result "0-1"]
[WhiteElo "1204"]
[BlackElo "1185"]
[PlyCount "48"]
[EventDate "2012.03.31"]
[EventType "swiss"]
[EventRounds "11"]
[EventCountry "GER"]
[SourceTitle "EXT 2015"]
[Source "ChessBase"]
[SourceDate "2014.11.20"]
[SourceVersion "1"]
[SourceVersionDate "2014.11.20"]
[SourceQuality "1"]

1. e4 d6 2. d4 Nf6 3. Nc3 g6 4. Nf3 Bg7 5. Bf4 0-0 6. Qd2 Nbd7 7. Bh6 e5 8. 0-0-0 c6 9. Bc4 b5 10. Bb3 a5 11. a3 b4 12. Ne2 Nxe4 13. Bxg7 Nxd2 14. Bxf8 Nxb3+ 15. cxb3 Kxf8 16. dxe5 Ba6 17. Ned4 Qc7 18. e6 Nc5 19. Rhe1 Nd3+ 20. Rxd3 Bxd3 21. e7+ Ke8 22. Ng5 d5 23. g3 Qd6 24. Nxh7 Qc5+ 0-1

[Event "Hannover-ch U12"]
[Site "Lehrte"]
[Date "2011.10.16"]
[Round "4"]
[White "Brockmeyer, Tobias"]
[Black "Kuzyak, Vadym"]
[Result "1/2-1/2"]
[WhiteElo "1101"]
[BlackElo "1142"]
[PlyCount "82"]
[EventDate "2011.10.15"]
[EventType "swiss"]
[EventRounds "11"]
[EventCountry "GER"]
[SourceTitle "EXT 2021"]
[Source "ChessBase"]
[SourceDate "2020.10.23"]
[SourceVersion "1"]
[SourceVersionDate "2020.10.23"]
[SourceQuality "1"]

1. e4 c5 2. c4 e5 3. Nc3 Nf6 4. g3 d6 5. h3 Be6 6. d3 Nc6 7. Bg2 h6 8. Nge2 Qa5 9. 0-0 Be7 10. Kh2 g5 11. f4 g4 12. f5 Bd7 13. Bd2 Qb6 14. Rb1 gxh3 15. Bxh3 h5 16. Bg5 Ng4+ 17. Kg2 Bxg5 18. Nd5 Qa5 19. Nec3 Ne3+ 20. Nxe3 Bxe3 21. Qb3 Nd4 22. Qxb7 Bc6 23. Qxa8+ Bxa8 24. Nd5 Qd2+ 25. Kh1 h4 26. g4 Bf4 27. Nxf4 exf4 28. Rbd1 Qe2 29. Rde1 Qxd3 30. Rd1 Qxh3+ 31. Kg1 Qg3+ 32. Kh1 f3 33. Rd2 f2 34. Rdxf2 Qxf2 35. Rxf2 Bxe4+ 36. Kg1 h3 37. a3 Nf3+ 38. Kh1 h2 39. Re2 Ne1+ 40. Rxe4+ Kd7 41. Rxe1 Rh4 1/2-1/2

[Event "Hannover-ch U12"]
[Site "Lehrte"]
[Date "2011.10.16"]
[Round "6"]
[White "Kuzyak, Vadym"]
[Black "Kiesel, Lucas"]
[Result "1-0"]
[WhiteElo "1142"]
[BlackElo "920"]
[PlyCount "61"]
[EventDate "2011.10.15"]
[EventType "swiss"]
[EventRounds "11"]
[EventCountry "GER"]
[SourceTitle "EXT 2021"]
[Source "ChessBase"]
[SourceDate "2020.10.23"]
[SourceVersion "1"]
[SourceVersionDate "2020.10.23"]
[SourceQuality "1"]

1. e4 d6 2. d4 Nf6 3. Nc3 g6 4. Bc4 Bg7 5. Nf3 0-0 6. Be3 Nbd7 7. Qd2 e5 8. d5 Ng4 9. Bg5 f6 10. Be3 a6 11. h3 Nxe3 12. Qxe3 b5 13. Be2 Bb7 14. 0-0-0 Qe7 15. h4 Rfc8 16. h5 Qf7 17. g4 Qf8 18. h6 Bh8 19. Nd2 Nb6 20. Rdf1 Qd8 21. f4 c5 22. g5 b4 23. Nd1 a5 24. gxf6 Bxf6 25. f5 Bg5 26. Qf3 Bxd2+ 27. Kxd2 Nc4+ 28. Bxc4 Qg5+ 29. Ne3 a4 30. fxg6 hxg6 31. Qf7+ 1-0

[Event "Hannover-ch U12"]
[Site "Lehrte"]
[Date "2011.10.15"]
[Round "2"]
[White "Bruncke, Leon"]
[Black "Kuzyak, Vadym"]
[Result "0-1"]
[WhiteElo "830"]
[BlackElo "1142"]
[PlyCount "102"]
[EventDate "2011.10.15"]
[EventType "swiss"]
[EventRounds "11"]
[EventCountry "GER"]
[SourceTitle "EXT 2021"]
[Source "ChessBase"]
[SourceDate "2020.10.23"]
[SourceVersion "1"]
[SourceVersionDate "2020.10.23"]
[SourceQuality "1"]

1. e4 c5 2. f4 Nf6 3. Nc3 e6 4. Nf3 d5 5. e5 d4 6. Na4 Nd5 7. g3 a6 8. Bc4 b5 9. Bxd5 exd5 10. Nxc5 Bxc5 11. a3 Bg4 12. b4 Bb6 13. Bb2 Qc7 14. h3 Bxf3 15. Qxf3 Qc6 16. c3 dxc3 17. Bxc3 d4 18. Qxc6+ Nxc6 19. Bb2 0-0 20. g4 f5 21. g5 Ne7 22. h4 Rac8 23. h5 Rc2 24. Bc1 d3 25. Rh3 Rd8 26. Rg3 Rc4 27. Rf3 Rdd4 28. Bb2 Rxf4 29. Rxd3 Rce4+ 30. Kd1 Rf1+ 31. Kc2 Rxa1 32. Bxa1 Kf7 33. Rd6 Bc7 34. Rxa6 Bxe5 35. Bxe5 Rxe5 36. a4 bxa4 37. Rxa4 Re4 38. d3 Rh4 39. Kc3 Rxh5 40. b5 Nc8 41. Rb4 Nb6 42. Rd4 Ke7 43. Kb4 Rxg5 44. Ka5 Rg6 45. Rf4 Rf6 46. d4 g6 47. d5 Rd6 48. Rd4 Rxd5 49. Rxd5 Nxd5 50. b6 Nxb6 51. Kxb6 f4 0-1